书目信息 |
| 题名: |
财务分析禁忌124例
|
|
| 作者: | 张小雪 著 | |
| 分册: | ||
| 出版信息: | 北京 民主与建设出版社 2014 |
|
| 页数: | 261页 | |
| 开本: | 24cm | |
| 丛书名: | ||
| 单 册: | ||
| 中图分类: | F275.2 | |
| 科图分类: | ||
| 主题词: | 企业--会计分析--基本知识 , 企业 , 会计分析 | |
| 电子资源: | ||
| ISBN: | 978-7-5139-0305-9 | |
| 000 | 00963nam0 22002651 450 | |
| 001 | 524 | |
| 005 | 20140909092441.06 | |
| 010 | @a978-7-5139-0305-9@dCNY38.00 | |
| 100 | @a20140114d2014 em y0chiy50 ea | |
| 101 | 0 | @achi |
| 102 | @aCN@b110000 | |
| 105 | @ay z 000yy | |
| 106 | @ar | |
| 200 | 1 | @a财务分析禁忌124例@ACai Wu Fen Xi Jin Ji 124Li@f张小雪著@FZhang Xiao Xue Zhu |
| 210 | @a北京@c民主与建设出版社@d2014 | |
| 215 | @a261页@d24cm | |
| 300 | @a斯坦威图书 | |
| 330 | @a本书结合财务分析者的实践需求,从财务分析的基本理念和方法、企业的偿债能力分析、企业的盈利能力分析、企业的营运能力分析等方面,分析了财务分析者在利用财务会计报告分析、评价企业财务状况与经营成果过程中碰到的法律约束、技术陷阱、思路缺陷及其他需要注意的事项。 | |
| 606 | 0 | @a企业@x会计分析@x基本知识 |
| 606 | 0 | @a企业 |
| 606 | 0 | @a会计分析 |
| 690 | @aF275.2@v5 | |
| 701 | 0 | @a张小雪@AZhang Xiao Xue@4著 |
| 801 | 0 | @aCN@bTANGWEI@c20140603 |
| 905 | @b0837420-22@dF275.2@e1098@f3 | |
| 财务分析禁忌124例/张小雪著.-北京:民主与建设出版社,2014 |
| 261页;24cm |
| 斯坦威图书 |
| ISBN 978-7-5139-0305-9:CNY38.00 |
| 本书结合财务分析者的实践需求,从财务分析的基本理念和方法、企业的偿债能力分析、企业的盈利能力分析、企业的营运能力分析等方面,分析了财务分析者在利用财务会计报告分析、评价企业财务状况与经营成果过程中碰到的法律约束、技术陷阱、思路缺陷及其他需要注意的事项。 |
| ● |
| 相关链接 |
|
|
|
|
正题名:财务分析禁忌124例
索取号:F275.2/1098
 
预约/预借
| 序号 | 登录号 | 条形码 | 馆藏地/架位号 | 状态 | 备注 |
| 1 | 0837420 | 208374203 | 第一样本阅览室/ [索取号:F275.2/1098] | 在馆 | |
| 2 | 0837421 | 208374212 | 第一借阅区/ [索取号:F275.2/1098] | 在馆 | |
| 3 | 0837422 | 208374221 | 经管系资料室/ [索取号:F275.2/1098] | 在馆 |